Romeo and Juliet / (Record no. 10471)
[ view plain ]
| 000 -LEADER | |
|---|---|
| fixed length control field | 00750nam a22002657a 4500 |
| 001 - CONTROL NUMBER | |
| JCCL Control Number | 10471 |
| 003 - CONTROL NUMBER IDENTIFIER | |
| JCCL marc code | BD-JhCC |
| 005 - DATE AND TIME OF LATEST TRANSACTION | |
| control field | 20180430111543.0 |
| 008 - FIXED-LENGTH DATA ELEMENTS--GENERAL INFORMATION | |
| fixed length control field | 180430b1960 a ||||| |||| 00| 0 eng d |
| 035 ## - SYSTEM CONTROL NUMBER | |
| system control number | (BD-JhCC)10471 |
| 040 ## - CATALOGING SOURCE | |
| Original cataloging agency | BD-JhCC |
| Modifying agency | BD-JhCC |
| 041 ## - LANGUAGE CODE | |
| Language code of Book | eng |
| 082 ## - DEWEY DECIMAL CLASSIFICATION NUMBER | |
| Classification number | 822.33 |
| Author mark and Year | CAR 1960 |
| 100 ## - MAIN ENTRY--PERSONAL NAME | |
| Personal name | Carey, G. K. (Gary K.) |
| 245 ## - TITLE STATEMENT | |
| Title | Romeo and Juliet / |
| Statement of responsibility, etc | Carey, G. K. (Gary K.) |
| 250 ## - EDITION STATEMENT | |
| Edition statement | 28 |
| 260 ## - PUBLICATION, DISTRIBUTION, ETC. (IMPRINT) | |
| Place of publication, distribution, etc | Lincoln : |
| Name of publisher, distributor, etc | Neb. : Cliffs Notes, |
| Date of publication, distribution, etc | 1960. |
| 300 ## - PHYSICAL DESCRIPTION | |
| Pagination | 59 p. : |
| Dimensions | 22 cm. |
| 650 ## - SUBJECT ADDED ENTRY--TOPICAL TERM | |
| Topical term or geographic name as entry element | Romeo and Juliet (Shakespeare, William) |
| 650 ## - SUBJECT ADDED ENTRY--TOPICAL TERM | |
| Topical term or geographic name as entry element | Shakespeare, William, 1564-1616 |
| 650 ## - SUBJECT ADDED ENTRY--TOPICAL TERM | |
| Topical term or geographic name as entry element | English drama (Tragedy) |
| 650 ## - SUBJECT ADDED ENTRY--TOPICAL TERM | |
| Topical term or geographic name as entry element | English drama--Early modern and Elizabethan |
| 942 ## - ADDED ENTRY ELEMENTS (KOHA) | |
| Source of classification or shelving scheme | Dewey Decimal Classification |
| Koha item type | Reference |
| Source of classification or shelving scheme | Damaged status | Not for loan | Home library | Current library | Shelving location | Total Checkouts | Full call number | Barcode | Date last seen | Copy number | Koha item type |
|---|---|---|---|---|---|---|---|---|---|---|---|
| Dewey Decimal Classification | JCC Rouf Library | JCC Rouf Library | General Stacks | 822.33 CAR 1960 | 14011 | 04/30/2018 | C-1 | Reference | |||
| Dewey Decimal Classification | JCC Rouf Library | JCC Rouf Library | General Stacks | 822.33 CAR 1960 | 14010 | 04/30/2018 | C-2 | Reference | |||
| Dewey Decimal Classification | JCC Rouf Library | JCC Rouf Library | General Stacks | 822.33 CAR 1960 | 13913 | 04/30/2018 | C-3 | Reference |